| 000 | 00788nam a2200241 a 4500 | ||
|---|---|---|---|
| 001 | 73217 | ||
| 003 | BD-RjUL | ||
| 005 | 20211209082349.0 | ||
| 008 | 170529s1956 nyua 001 0 eng d | ||
| 035 | _a(BD-RjUL)73435 | ||
| 040 |
_aDLC _cFMU _dBD-RjUL _beng |
||
| 041 | _aeng | ||
| 082 |
_a621.38804 _223 _bHAP 1956 |
||
| 110 | 2 |
_aHazeltine Corporation. _9216574 |
|
| 245 | 0 | 0 |
_aPrinciples of color television / _cby the Hazeltine laboratories staff. Compiled and edited by Knox McIlwain [and] Charles E. Dean. |
| 260 |
_aNew York : _bWiley, _c1956 |
||
| 300 |
_a595 p. : _bill. ; _c24 cm. |
||
| 500 | _aIncludes index | ||
| 650 | 0 |
_aColor television. _9216571 |
|
| 700 | 1 |
_aMcIlwain, Knox, _d1897- _eed. _9216572 |
|
| 700 | 1 |
_aDean, Charles Earle, _d1898- _eed. _9216573 |
|
| 942 |
_2ddc _cBK |
||
| 999 |
_c73217 _d73217 |
||